000 00580nab a2200205 a 4500
001 70748
003 144732
005 20201118110845.0
008 ||||||n9999 ||| || ||
041 _aspa
100 _aBloom, Paul N.
245 0 _aLa publicidad profesional :
_bargumentos a favor y en contra pp.951-975
260 _aBuenos Aires :
_bContabilidad Moderna,
_c1978.
562 _e0
650 _aANÁLISIS SECTORIAL
650 _aASPECTOS SOCIOECONOMICOS
650 _aPUBLICIDAD
773 _052517
_aAdministracion de empresas - T8-B (1978)
942 _cSART
999 _c70748
_d70748